000 00283nam a22001217a 4500
008 170530b xxu||||| |||| 00| 0 eng d
041 _aeng
080 _a94(100)
100 _a17
101 _ashh
245 _aREVOLUTIONS OF 1848: A SOCIAL HISTORY
_cROBERTSON, P
942 _2udc
_cBK
999 _c14993
_d14993